Прямой маркетинг и современные информационные технологии; Энергия молодых - экономике России; Ч. 1

Bibliografiske detaljer
Parent link:Энергия молодых - экономике России=Energy of Youth for Russian Economy: сборник научных трудов XII Международной научно-практической конференции студентов и молодых ученых, г. Томск, 11-14 апреля 2011 г./ Национальный исследовательский Томский политехнический университет (ТПУ) ; Вольное экономическое общество России ; Международный союз экономистов (МСЭ) ; ред. коллегия В. В. Еремин ; Ю. С. Нехорошев ; Г. А. Барышева ; И. Е. Никулина ; Т. Б. Варлачева ; И. В. Кащук ; Е. Ю. Маталасова.— , 2011
Ч. 1.— 2011.— [С. 397-399]
Hovedforfatter: Чижов П. С.
Andre forfattere: Киреев А. В. (научный руководитель), Косов В. Б. Владимир Борисович
Summary:Заглавие с титульного экрана
Sprog:russisk
Udgivet: 2011
Fag:
Online adgang:http://www.lib.tpu.ru/fulltext/c/2011/C23/V1/022.pdf
Format: MixedMaterials Electronisk Book Chapter
KOHA link:https://koha.lib.tpu.ru/cgi-bin/koha/opac-detail.pl?biblionumber=288782

MARC

LEADER 00000naa2a2200000 4500
001 288782
005 20260119141635.0
035 |a (RuTPU)RU\TPU\book\313266 
090 |a 288782 
100 |a 20150327d2011 k y0rusy50 ca 
101 0 |a rus 
102 |a RU 
135 |a drnn ---uucaa 
181 0 |a i  
182 0 |a b 
200 1 |a Прямой маркетинг и современные информационные технологии  |f П. С. Чижов, А. В. Киреев  |g науч. рук. В. Б. Косов 
203 |a Текст  |c электронный 
300 |a Заглавие с титульного экрана 
320 |a [Библиогр.: с. 399 (2 назв.)] 
337 |a Adobe Reader 
461 0 |0 (RuTPU)RU\TPU\book\259744  |t Энергия молодых - экономике России  |l Energy of Youth for Russian Economy  |o сборник научных трудов XII Международной научно-практической конференции студентов и молодых ученых, г. Томск, 11-14 апреля 2011 г.  |o в 2 ч.  |f Национальный исследовательский Томский политехнический университет (ТПУ) ; Вольное экономическое общество России ; Международный союз экономистов (МСЭ) ; ред. коллегия В. В. Еремин ; Ю. С. Нехорошев ; Г. А. Барышева ; И. Е. Никулина ; Т. Б. Варлачева ; И. В. Кащук ; Е. Ю. Маталасова  |d 2011 
463 1 |0 (RuTPU)RU\TPU\book\259747  |t Ч. 1  |v [С. 397-399]  |d 2011 
610 1 |a труды учёных ТПУ 
610 1 |a электронный ресурс 
610 1 |a прямой маркетинг 
610 1 |a информационные технологии 
700 1 |a Чижов  |b П. С. 
701 1 |a Киреев  |b А. В. 
702 1 |a Косов  |b В. Б.  |c экономист  |c старший преподаватель Томского политехнического университета  |f 1954-  |g Владимир Борисович  |3 (RuTPU)RU\TPU\pers\27888  |4 727 
801 2 |a RU  |b 63413507  |c 20150327  |g RCR 
856 4 |u http://www.lib.tpu.ru/fulltext/c/2011/C23/V1/022.pdf 
942 |c CF